Frauen EM Kader 2025 Deutschland - Statistiken

Allgemein
  • Dieses Quiz wurde 729 mal gespielt
  • Das Durchschnittsergebnis liegt bei 16 aus 24
Antwortstatistiken
Position Spielerin % Korrekt
Tor Ann-Katrin Berger
95%
Abwehr Gulia Gwinn
89%
Mittelfeld/Angriff Jule Brand
82%
Mittelfeld/Angriff Lea Schüller
81%
Mittelfeld/Angriff Klara Bühl
80%
Trainer Christian Wück
79%
Mittelfeld/Angriff Laura Freigang
74%
Tor Stina Johannes
72%
Abwehr Kathrin Hendrich
71%
Mittelfeld/Angriff Sjoeke Nüsken
70%
Mittelfeld/Angriff Linda Dallmann
68%
Mittelfeld/Angriff Sydney Lohmann
66%
Abwehr Janina Minge
65%
Abwehr Carlotta Wamser
63%
Abwehr Franziska Kett
61%
Mittelfeld/Angriff Selina Cerci
59%
Mittelfeld/Angriff Elisa Senß
58%
Mittelfeld/Angriff Giovanna Hoffmann
58%
Mittelfeld/Angriff Sara Däbritz
57%
Abwehr Sarai Linder
57%
Tor Ena Mahmutovic
56%
Abwehr Rebecca Knaak
52%
Abwehr Sophia Kleinherne
52%
Mittelfeld/Angriff Cora Zicai
41%
Keine übereinstimmenden Quizze gefunden
Verteilung der Resultate
Anzahl Personen mit jedem Resultat
Perzentil nach korrekt beantworteten Fragen
Ihre Resultats-Entwicklung
Sie haben dieses Quiz noch nicht gespielt